| 000 | 00746nam a2200253Ia 4500 | ||
|---|---|---|---|
| 003 | OSt | ||
| 005 | 20220923211145.0 | ||
| 006 | a|||||r|||| 00| 0 | ||
| 007 | ta | ||
| 008 | 220922b |||||||| |||| 00| 0 san d | ||
| 020 |
_a818670227X (hbk) _c160 |
||
| 024 | _a233,385 | ||
| 037 |
_b1726, 14/03/2008, Vidyanidhi Prakashan _cTextual |
||
| 040 |
_aARTS _cARTS _bsan |
||
| 041 |
_2san _asan |
||
| 082 | _aQ1:494, 15P5 | ||
| 100 |
_aकृष्णलाल _9156277 |
||
| 245 | 0 | _aयज्ञ गौरवम् | |
| 246 | _aYagna gauravam | ||
| 260 | _c2005 | ||
| 300 |
_a60चण् _ccm. |
||
| 942 |
_hQ1:494, 15P5 _cTEXL _2CC |
||
| 999 |
_c296082 _d296082 |
||